La Libye pour les touristes... - Facile - Statistiques

Statistiques générales
  • Ce quiz a été pris 6 fois
  • Le résultat moyen est 9 sur 20
Statistiques - réponses
Question Indice Réponses Indice facile % Correct
Quelle est la langue officielle ? Arabe
100%
Ce pays est plus grand que la France (oui/non) Oui
83%
Quels pays ont accordé son indépendance à celui-ci ? Royaume-Uni
83%
Le principal aéroport est T Tripoli
83%
Achats à faire 1/ Fruits secs Dattes SETTAD
67%
Quel est le climat local ? D Désertique
67%
Quelle est la monnaie ? Dinar libyen D
67%
Quels pays ont accordé son indépendance à celui-ci ? France
67%
Quel est le régime du pays ? R République
67%
Dans la capitale quel est le décalage horaire avec Paris ? (+ ou - et chiffre) ex - 10 ou + 3,5 0
50%
La religion majoritaire est Islam I
50%
Le suffixe internet est ly
50%
Achats à faire 2/ Harissa locale Hacida DAHACI
17%
Quelles sont les principaux lieux touristiques ? MA Arc de {Marc Aurèle} REMACULERA
0%
Quelles sont les principaux lieux touristiques ? A Désert d'{Akakus} ADHARK
0%
Quelles sont les principaux lieux touristiques ? A Jebel {Akhdar} ARADKH
0%
Code sur les plaques minéralogiques LAR
0%
Quelles sont les principaux lieux touristiques ? LM Ruines de {Leptis magna} MAITENSGPLA
0%
Quelles sont les principaux lieux touristiques ? S Site de {Sabratha} AARTASBH
0%
Quelles sont les principaux lieux touristiques ? G Ville de {Ghadames} ESDMAAGH
0%
Aucun quiz correspondant
Distribution des résultats
% des personnes avec chaque résultat
Percentile par nombre de réponses
Votre historique - résultats
Vous n’avez pas pris ce quiz